Istoricheskii͡a propilei / (Record no. 14740)
[ view plain ]
| 000 -LEADER | |
|---|---|
| fixed length control field | 00610cam a22002171a 4500 |
| 001 - CONTROL NUMBER | |
| control field | ca 13001997 |
| 003 - CONTROL NUMBER IDENTIFIER | |
| control field | DLC |
| 005 - DATE AND TIME OF LATEST TRANSACTION | |
| control field | 20260227111059.0 |
| 008 - FIXED-LENGTH DATA ELEMENTS--GENERAL INFORMATION | |
| fixed length control field | 820114s1889 ru 000 0 rus |
| 010 ## - LIBRARY OF CONGRESS CONTROL NUMBER | |
| LC control number | ca 13001997 |
| 035 ## - SYSTEM CONTROL NUMBER | |
| System control number | (OCoLC)8062174 |
| 040 ## - CATALOGING SOURCE | |
| Original cataloging agency | DLC |
| Transcribing agency | WU |
| Modifying agency | WU |
| -- | OCoLC |
| -- | DLC |
| 042 ## - AUTHENTICATION CODE | |
| Authentication code | premarc |
| 043 ## - GEOGRAPHIC AREA CODE | |
| Geographic area code | e-ur--- |
| 050 00 - LIBRARY OF CONGRESS CALL NUMBER | |
| Classification number | DK5 |
| Item number | .M3 |
| 100 1# - MAIN ENTRY--PERSONAL NAME | |
| Personal name | Mordovt͡sev, D. L. |
| Fuller form of name | (Daniil Lukich), |
| Dates associated with a name | 1830-1905. |
| 245 10 - TITLE STATEMENT | |
| Title | Istoricheskii͡a propilei / |
| Statement of responsibility, etc. | D. L. Mordovt͡sev. |
| 260 ## - PUBLICATION, DISTRIBUTION, ETC. | |
| Place of publication, distribution, etc. | S.-Peterburg : |
| Name of publisher, distributor, etc. | Tip. N.A. Lebedeva, |
| Date of publication, distribution, etc. | 1889. |
| 300 ## - PHYSICAL DESCRIPTION | |
| Extent | 2 v. in 1 ; |
| Dimensions | 22 cm. |
| 651 #0 - SUBJECT ADDED ENTRY--GEOGRAPHIC NAME | |
| Geographic name | Russia |
| General subdivision | History. |
No items available.